| 000 | 01236cam a22003257a 4500 | ||
|---|---|---|---|
| 003 | CHAP | ||
| 005 | 20220329140800.0 | ||
| 008 | 971013s1971 r 00010 d | ||
| 010 | _a57522 | ||
| 011 | _a58494 | ||
| 035 | _a62649 | ||
| 040 | _cCHAP | ||
| 082 |
_a636.0831 _bS6 |
||
| 100 | 0 | 0 |
_aSoto Tinoco, Guillermo. _9108918 |
| 245 | 0 | _aOcho proyectos de unidad de explotación de ganado bovino en zonas cálidas áridas | |
| 260 |
_aMéxico, D.F. : _bFondo de Garantía y Fomento para la Agricultura, Ganadería y Avicultura, _c1971 |
||
| 300 |
_a120 p. _b: ilus. |
||
| 590 |
_aBATCH-UPD _b10 _c20130110 _lUCH01 _h0604 |
||
| 590 |
_aBATCH-UPD _b10 _c20130410 _lUCH01 _h0246 |
||
| 590 |
_aBATCH-UPD _b10 _c20130914 _lUCH01 _h1322 |
||
| 590 |
_aCONVERSION _b10 _c20130109 _lUCH01 _h1331 |
||
| 650 | 4 |
_aGanado vacuno _xCría de. _945451 |
|
| 650 | 1 | 4 |
_aEstablos _xDiseños y planos. _938186 |
| 901 | _aBK | ||
| 942 | _cLIBRO | ||
| 949 |
_a636.0831 S6 _bBC _cLIBRO _d33724000270831 _eLIBRO _h16274 _i62649 _si |
||
| 949 |
_a636.0831 S6 _bBC _cLIBRO _d33724000270849 _eLIBRO _fc.2 _h16283 _i62649 _si |
||
| 949 |
_a636.0831 S6 _bBC _cLIBRO _d33724000270856 _eLIBRO _fc.3 _h28681 _i62649 _si |
||
| 949 |
_a636.0831 S6 _bBC _cLIBRO _db _eLIBRO _fc.4 _h28682 _i62649 _si |
||
| 999 |
_c57522 _d57522 |
||